00867nam a22002537a 450000500170000001000130001702000230003003500130005303700160006604000120008208200160009410000130011024500820012326000450020527000460025030000260029650000320032265000280035465000370038270000230041994200250044299900190046795201270048620170124110200.0 aB-025981 a8120316728c450.00 aB-025981 bCen Lib/Ret aDPLbEN a005.13bCOL a 972652 aThe coldfusion 4.0 web application construction kit /cby Ben Forta...[et al] aNew DelhibPrentice Hall of India c1998 aM-97,connaught circus bNew Delhie110001 axix, 1000p.c25cm(Hb) aIncludes appendix and index aComputer science972653 aWeb applications software972654 aForta, Ben 972655 2ddccENh005.13mCOL c132872d132872 01104070aLbLd2015-07-24eCen Lib/Retg450.00l0o005.13 COLpB-025981r2015-07-24 00:00:00t1v450.00w2016-09-15yEN